000
00289nam a2200133Ia 4500
008
231129s1970||||xx |||||||||||||| ||spa||
040
_b
spa
082
_a
EU812 o58t
100
_a
O'Neill Eugene
245
0
_a
Teatro escogido
260
_c
1970
264
_a
Aguilar
942
_2
ddc
_c
BKS
999
_c
25042
_d
25042